000
00481nam a2200145Ia 4500
008
151213s9999 xx 000 0 und d
100
_a
সরদার ফজলুল করীম
245
_a
দর্শন কোষ
_c
সরদার ফজলুল করীম
260
_a
ঢাকা
_b
বাংলা সাহিত্য
_c
1973
300
_a
8395 p.
650
_a
Bangla
650
_a
Bangla
700
_a
সরদার ফজলুল করীম
999
_c
4233
_d
4233